00525nam a2200169 a 4500008004100000020001500041050001900056100002900075245007400104260004100178300001500219350000900234500002900243650004200272650001400314700002700328120416s1971 ||||||||||||||||| || u a0715352059 aLC 5256.G7 Tea aStephens, Michael Dawson10aTeaching techniques in adult educationcedited by Michael D. Stephens aNewton Abbot:bDavid & Charlesc1971 a206p.: ill a0.00 aIncludes bibliographies. aTEACHING--ADDRESSES, ESSAYS, LECTURES aTEXTBOOKS aRoderick, Gordon Wynne